North American Geography Quiz #3 - Statistics

General Stats
  • This quiz has been taken 589 times
  • The average score is 14 of 20
Answer Stats
Question Answer % Correct
What river separates Texas from Mexico? Rio Grande
94%
What major river flows through the Grand Canyon? Colorado River
93%
What country is bordered by Panama and Nicaragua? Costa Rica
92%
What is the most populous province of Canada? Ontario
92%
If an American is from the "Bay Area", what bay do they live nearby? San Francisco Bay
87%
What group of people in the United States speak a dialect called "Pennsylvania German"? Amish
85%
"El Salvador" means "The Saviour". What person does this refer to? Jesus Christ
85%
What larger mountain range includes the Adirondacks and the Blue Ridge mountains? Appalachians
83%
What is the ruling political party in Cuba? Communist Party
81%
What is Canada's largest island? Baffin Island
80%
What style of Kentuckian music is named for a type of grass? Bluegrass
72%
What canal connects the Hudson River to the Great Lakes? Erie Canal
70%
What island in the Caribbean is divided between France and the Netherlands? Saint Martin
70%
On which river is Montreal located? Saint Lawrence
69%
What's the highest mountain that can be seen from Seattle? Mount Rainier
64%
Other U.S. states are divided into counties. What is Louisiana divided into? Parishes
58%
What type of bird is depicted on a Canadian $1 coin? Common Loon
53%
The bird on the flag of Dominica is the Imperial amazon. What type of bird is it? Parrot
44%
What is the northernmost town in the U.S.? Utqiagvik (formerly Barrow)
34%
What is the oldest European city in mainland America, named for a city in southern Spain? Granada
28%
No matching quizzes found
Score Distribution
Percent of People with Each Score
Percentile by Number Answered
Your Score History
You have not taken this quiz